Far gone [Large Print] / Laura Griffin.
Available copies
- 1 of 1 copy available at LARL/NWRL Consortium.
- 1 of 1 copy available at Northwest Regional Library. (Show preferred library)
Current holds
0 current holds with 1 total copy.
View other formats and editions
Show Only Available Copies
| Location | Call Number / Copy Notes | Barcode | Shelving Location | Status | Due Date |
|---|---|---|---|---|---|
| Grygla LINK Site | lp GRI (Text) | 35500005416597 | Main | Available | - |
Record details
- ISBN: 9781628991215 (librarybinding : alk. paper)
- ISBN: 1628991216 (librarybinding : alk. paper)
- Physical Description: pages ; cm.
- Edition: Center Point Large Print edition.
- Publisher: Thorndike, Maine : Center Point Large Print, 2014.
Content descriptions
| Summary, etc.: | "To save her only brother, police detective Andrea ... Read More |
Search for related items by subject
| Genre: | Mystery fiction. Romantic suspense fiction. |
| LDR | 01770cam a22004818i 4500 | ||
|---|---|---|---|
| 001 | 166898 | ||
| 003 | LARL_NWRL_CONSORTIUM | ||
| 005 | 20140605100300.0 | ||
| 008 | 140226s2014 meu d 000 1 eng | ||
| 010 | . | ‡a2014007830 | |
| 019 | . | ‡a871339572 | |
| 020 | . | ‡a9781628991215 (librarybinding : alk. paper) | |
| 020 | . | ‡a1628991216 (librarybinding : alk. paper) | |
| 035 | . | ‡a(OCoLC)871200262 ‡z(OCoLC)871339572 | |
| 040 | . | ‡aDLC ‡beng ‡erda ‡cDLC ‡dYDXCP ‡dBTCTA ‡dNRG | |
| 042 | . | ‡apcc | |
| 043 | . | ‡an-us--- | |
| 049 | . | ‡aNRGE | |
| 050 | 1 | 0. | ‡aPS3607.R54838 ‡bF37 2014b |
| 082 | 0 | 0. | ‡a813/.6 ‡223 |
| 100 | 1 | . | ‡aGriffin, Laura, ‡d1973- ‡0(LARL_NWRL_CONSORTIUM)213266 |
| 245 | 1 | 0. | ‡aFar gone ‡h[Large Print] / ‡cLaura Griffin. |
| 250 | . | ‡aCenter Point Large Print edition. | |
| 260 | . | ‡aThorndike, Maine : ‡bCenter Point Large Print, ‡c2014. | |
| 300 | . | ‡apages ; cm. | |
| 336 | . | ‡atext ‡btxt ‡2rdacontent | |
| 337 | . | ‡aunmediated ‡bn ‡2rdamedia | |
| 338 | . | ‡avolume ‡bnc ‡2rdacarrier | |
| 520 | . | ‡a"To save her only brother, police detective Andrea Finch must face down a criminal mastermind, the FBI, and her own demons"-- ‡cProvided by publisher. | |
| 650 | 0. | ‡aWomen detectives ‡vFiction. ‡0(LARL_NWRL_CONSORTIUM)167906 | |
| 650 | 0. | ‡aBrothers and sisters ‡vFiction. ‡0(LARL_NWRL_CONSORTIUM)163634 | |
| 610 | 1 | 0. | ‡aUnited States. ‡bFederal Bureau of Investigation ‡vFiction. |
| 650 | 0. | ‡aMurder ‡xInvestigation ‡vFiction. ‡0(LARL_NWRL_CONSORTIUM)166203 | |
| 650 | 0. | ‡aSerial murders ‡vFiction. ‡0(LARL_NWRL_CONSORTIUM)167273 | |
| 650 | 0. | ‡aTerrorism ‡xPrevention ‡vFiction. ‡0(LARL_NWRL_CONSORTIUM)167697 | |
| 650 | 0. | ‡aLarge type books. ‡0(LARL_NWRL_CONSORTIUM)24284 | |
| 655 | 7. | ‡aMystery fiction. ‡2gsafd | |
| 655 | 7. | ‡aRomantic suspense fiction. ‡2gsafd | |
| 994 | . | ‡aC0 ‡bNRG | |
| 901 | . | ‡a166898 ‡bOCLC ‡c166898 ‡tbiblio | |

Add to basket
Permalink
Disable Highlighting